<?xml version="1.0" encoding="UTF-8"?>
<record
    xmlns:xsi="http://www.w3.org/2001/XMLSchema-instance"
    xsi:schemaLocation="http://www.loc.gov/MARC21/slim http://www.loc.gov/standards/marcxml/schema/MARC21slim.xsd"
    xmlns="http://www.loc.gov/MARC21/slim">

  <leader>00225nam a22001217a 4500</leader>
  <datafield tag="040" ind1=" " ind2=" ">
    <subfield code="c">SK</subfield>
  </datafield>
  <datafield tag="082" ind1=" " ind2=" ">
    <subfield code="a">333</subfield>
  </datafield>
  <datafield tag="100" ind1=" " ind2=" ">
    <subfield code="a">TONY J.</subfield>
  </datafield>
  <datafield tag="245" ind1=" " ind2=" ">
    <subfield code="a">Fisheries ecology</subfield>
  </datafield>
  <datafield tag="260" ind1=" " ind2=" ">
    <subfield code="a">CIDSE</subfield>
    <subfield code="b">TON </subfield>
    <subfield code="c">1991</subfield>
  </datafield>
  <datafield tag="300" ind1=" " ind2=" ">
    <subfield code="a">414p.</subfield>
  </datafield>
  <datafield tag="942" ind1=" " ind2=" ">
    <subfield code="c">EK</subfield>
  </datafield>
  <datafield tag="999" ind1=" " ind2=" ">
    <subfield code="c">9543</subfield>
    <subfield code="d">9543</subfield>
  </datafield>
  <datafield tag="952" ind1=" " ind2=" ">
    <subfield code="0">0</subfield>
    <subfield code="1">0</subfield>
    <subfield code="4">0</subfield>
    <subfield code="6">333_000000000000000_TON_1991_C63</subfield>
    <subfield code="7">0</subfield>
    <subfield code="9">51553</subfield>
    <subfield code="a">LBC</subfield>
    <subfield code="b">LBC</subfield>
    <subfield code="c">C063</subfield>
    <subfield code="d">2016-09-03</subfield>
    <subfield code="o">333 TON 1991 C63</subfield>
    <subfield code="p">A01065</subfield>
    <subfield code="r">2016-09-03</subfield>
    <subfield code="y">EK</subfield>
  </datafield>
  <datafield tag="952" ind1=" " ind2=" ">
    <subfield code="0">0</subfield>
    <subfield code="1">0</subfield>
    <subfield code="4">0</subfield>
    <subfield code="6">333_000000000000000_TON_1991_C63</subfield>
    <subfield code="7">0</subfield>
    <subfield code="9">51554</subfield>
    <subfield code="a">LBC</subfield>
    <subfield code="b">LBC</subfield>
    <subfield code="c">C063</subfield>
    <subfield code="d">2016-09-03</subfield>
    <subfield code="o">333 TON 1991 C63</subfield>
    <subfield code="p">A00505</subfield>
    <subfield code="r">2016-09-03</subfield>
    <subfield code="y">EK</subfield>
  </datafield>
  <datafield tag="952" ind1=" " ind2=" ">
    <subfield code="0">0</subfield>
    <subfield code="1">0</subfield>
    <subfield code="4">0</subfield>
    <subfield code="6">333_000000000000000_TON_1991_C63</subfield>
    <subfield code="7">0</subfield>
    <subfield code="9">51555</subfield>
    <subfield code="a">LBC</subfield>
    <subfield code="b">LBC</subfield>
    <subfield code="c">C063</subfield>
    <subfield code="d">2016-09-03</subfield>
    <subfield code="o">333 TON 1991 C63</subfield>
    <subfield code="p">A00237</subfield>
    <subfield code="r">2016-09-03</subfield>
    <subfield code="y">EK</subfield>
  </datafield>
  <datafield tag="952" ind1=" " ind2=" ">
    <subfield code="0">0</subfield>
    <subfield code="1">0</subfield>
    <subfield code="4">0</subfield>
    <subfield code="6">333_000000000000000</subfield>
    <subfield code="7">0</subfield>
    <subfield code="9">52932</subfield>
    <subfield code="a">LBC</subfield>
    <subfield code="b">LBC</subfield>
    <subfield code="d">2016-10-06</subfield>
    <subfield code="o">333</subfield>
    <subfield code="r">2016-10-06</subfield>
    <subfield code="w">2016-10-06</subfield>
    <subfield code="y">EK</subfield>
  </datafield>
</record>
